00626cam a2200181Ia 4500020002200000082002800022100001900050245007500069250001200144260004900156300003100205526003700236526003700273650005200310650003700362650003700399650000800436 a1567513743 (pbk.) a363.25bBLUcL-40, P-731 aBlum, William.10aRogue state :ba guide to the world's only superpower /cWilliam Blum. a3rd ed. aMonroe, Me. :bCommon Courage Press,cc2002. axxv, 308 p. :c20 cm.bNil a0b0c0d363_250000000000000_BLU a0b0c0d363_250000000000000_BLU 0aHuman rightsxGovernment policyzUnited States. 0aHuman rightszForeign countries. 0aIntervention (International law) 0aMCE